LEADER 01048nam a2200265 u 4500 001 000000064934 003 CaOOAMICUS 005 20070226121418.0 008 011127s1976 mau u000 u eng u 020 $a0870231987 035 $a10911624 040 $aPUL(R)$bita 100 1 $aAckermann, Robert John.$0(OLS)http://pul/name/43816 245 14$aThe philosophy of Karl Popper /$cRobert John Ackermann. 260 $a[S.l.] :$bUniversity of Massachusetts,$c1976. 300 $a212 p. : ;$c22 cm 500 $aInclude indici. 600 14$aPopper, Karl Raimund,$cSir,$d1902-1994$xFilosofia.$0(OLS)http://pul/subject/23221 850 $aPUL 852 $aPUL$W1$xSL Filosofia 1$y2$m88 M 1$j84107$nBK-PRI$b $qStampati$B84107$CPULBib$Z2$F84107 $H $81 941 1 $a8 961 $aINV: 44931 996 $6020$a0870231987$9(OLS)http://pul/number/84239 996 $6245$aThe philosophy of Karl Popper$9(OLS)http://pul/title/86451 996 $6260$a[S.l.] :$bUniversity of Massachusetts$9(OLS)http://pul/publisher/71029 LEADER 01601nam a2200337 a 4500 001 000000122136 003 CaOOAMICUS 005 20100607155801.0 008 100607t2010 it u000 u ita r 020 $a978-88-568-1648-8 040 $aPUL$bita$dReb 082 04$a261.8 245 00$aResponsabilitą sociale d'impresa e dottrina sociale della Chiesa cattolica /$cHelen Alford [et al.] ; a cura di Helen Alford, Gianfranco Rusconi e Eros Monti. 260 $aMilano :$bFrancoAngeli,$c©2010. 300 $a234 p. ;$c23 cm. 490 1 $aPersona, imprese e societą ;$v09 504 $aInclude riferimenti bibliografici ed indice. 650 4$aImpresa e azienda.$0(OLS)http://pul/subject/1298 650 4$aDottrina sociale della Chiesa.$0(OLS)http://pul/subject/33229 700 1 $aMonti, Eros.$0(OLS)http://pul/name/35514 700 1 $aRusconi, Gianfranco.$0(OLS)http://pul/name/76580 700 1 $aAlford, Helen J., O.P,$d1964-$0(OLS)http://pul/name/59429 830 0$aPersona, imprese e societą ;$v09.$0(OLS)http://pul/title/153686 850 $aPUL 852 $aPUL$W1$xSL Religione 3$y85$m261. 8 ALFHE 1$j140169$qDDC 21$B139353$CPULBib$Z2$F139353 $H113131 $82 941 1 $a9 960 $aDottrina sociale cristiana$933229 996 $6020$a978-88-568-1648-8$9(OLS)http://pul/number/144480 996 $6082$a261.8$9(OLS)http://pul/classification/367 996 $6245$aResponsabilitą sociale d'impresa e dottrina sociale della Chiesa cattolica$9(OLS)http://pul/title/153685 996 $6260$aMilano :$bFrancoAngeli$9(OLS)http://pul/publisher/66898